<?xml version="1.0" encoding="UTF-8"?>
<collection xmlns="http://www.loc.gov/MARC21/slim">
<record>
  <controlfield tag="001">3928</controlfield>
  <controlfield tag="005">20190128103947.0</controlfield>
  <datafield tag="037" ind1=" " ind2=" ">
    <subfield code="a">OUTRART-2019-0013</subfield>
  </datafield>
  <datafield tag="100" ind1=" " ind2=" ">
    <subfield code="a">Bertrand, Bruno</subfield>
  </datafield>
  <datafield tag="245" ind1=" " ind2=" ">
    <subfield code="a">Le temps passe si vite… La seconde atomique a déjà 50 ans</subfield>
  </datafield>
  <datafield tag="260" ind1=" " ind2=" ">
    <subfield code="c">2017</subfield>
  </datafield>
  <datafield tag="520" ind1=" " ind2=" ">
    <subfield code="a">L’unité fondamentale de la mesure du temps est la seconde. Jusqu’en 1967, la durée de la seconde était définie comme la fraction 1/86400 du jour. Elle était ainsi déterminée par les astronomes qui, de leurs observations, déduisaient la durée du jour et la divisaient en 86400. Mais le 13 octobre 1967, la Conférence Générale des Poids et Mesures, réunie à Paris, a redéfini la seconde sur la base d’une transition de l’atome de césium 133. Cela fait donc exactement 50 ans que la seconde n’est plus déterminée à partir des astres, mais fabriquée à l’aide d’horloges atomiques.</subfield>
  </datafield>
  <datafield tag="594" ind1=" " ind2=" ">
    <subfield code="a">NO</subfield>
  </datafield>
  <datafield tag="700" ind1=" " ind2=" ">
    <subfield code="a">Defraigne, Pascale</subfield>
  </datafield>
  <datafield tag="773" ind1=" " ind2=" ">
    <subfield code="p">Ciel et Terre</subfield>
    <subfield code="v">133</subfield>
    <subfield code="y">2017</subfield>
    <subfield code="n">5</subfield>
    <subfield code="c">140-146</subfield>
  </datafield>
  <datafield tag="856" ind1="0" ind2=" ">
    <subfield code="f">bruno.bertrand@observatoire.be</subfield>
  </datafield>
  <datafield tag="856" ind1="4" ind2="2">
    <subfield code="a">http://www.srba.be/ciel-terre/volume-133/n-5-septembre-octobre-2017/</subfield>
  </datafield>
  <datafield tag="980" ind1=" " ind2=" ">
    <subfield code="a">OUTRART</subfield>
  </datafield>
</record>
</collection>